[Event "AUTO-ADV-2592"]
[Site "http://www.queenalice.com/game.php?id=1094066"]
[Date "2012.8.18"]
[Round "1"]
[White "C5"]
[Black "vininb"]
[Result "0-1"]
[WhiteElo "1802"]
[BlackElo "1891"]

1. e4 e5 2. Bc4 d6 3. d4 exd4 4. Qxd4 Nc6 5. Bb5 Bd7 6. Qd5 Qf6 7. c3 Nge7 8.
Qd3 O-O-O 9. Nf3 Ne5 10. Nxe5 Qxe5 11. Bxd7+ Rxd7 12. Be3 Nc6 13. Nd2 d5 14. O-O
Be7 15. Bd4 Nxd4 16. cxd4 dxe4 0-1

[Event "AUTO-ADV-2592"]
[Site "http://www.queenalice.com/game.php?id=1094067"]
[Date "2012.8.18"]
[Round "1"]
[White "vininb"]
[Black "vitinha"]
[Result "1-0"]
[WhiteElo "1922"]
[BlackElo "1779"]

1. e4 e5 2. Nf3 d6 3. Bc4 Nf6 4. Ng5 d5 5. exd5 Nxd5 6. d4 f6 7. dxe5 fxe5 8.
Qxd5 Qxd5 9. Bxd5 Be7 10. Nf7 Rf8 11. Nxe5 Rf5 12. f4 Rxf4 13. Bxf4 Na6 14. O-O
Bf5 15. Bxb7 Rb8 16. Bxa6 Rxb2 17. Bd3 Be6 18. Nc3 Bc5+ 19. Kh1 Bd4 20. Nb5 Bb6
21. Bxh7 Rxb5 22. Bg6+ Kd8 23. Bg5+ Kc8 24. Rf8+ Kb7 25. Be4+ Bd5 26. Bxd5+ Rxd5
27. Bf4 Bd4 28. Rb1+ Ka6 29. Nc6 Bc5 30. g3 Bxf8 31. Nb4+ Bxb4 32. Rxb4 Rc5 33.
Rb2 g5 34. Be3 Re5 35. Bd4 Re1+ 36. Kg2 Re2+ 37. Kh3 c6 38. Bf6 g4+ 39. Kxg4
Rxh2 40. Bd4 Rd2 41. Kf5 Rxd4 42. g4 Ka5 43. g5 Ka4 44. Rb7 a5 45. g6 Ka3 46. g7
1-0

[Event "AUTO-ADV-2592"]
[Site "http://www.queenalice.com/game.php?id=1094068"]
[Date "2012.8.18"]
[Round "1"]
[White "vitinha"]
[Black "vininb"]
[Result "1-0"]
[WhiteElo "1825"]
[BlackElo "1918"]

1. d4 d5 2. Nc3 Bf5 3. e3 e6 4. Bb5+ c6 5. Bd3 Ne7 6. Nf3 Nd7 7. a4 g5 8. Nxg5
Bh6 9. Nf3 Qa5 10. Ra3 O-O 11. h4 Nf6 12. b4 Qxb4 13. Rb3 Qd6 14. Rxb7 Rfb8 15.
Rxb8+ Rxb8 16. Ne5 Ne4 17. Nxe4 Bxe4 18. Bxe4 dxe4 19. Qg4+ Kf8 20. O-O Ng6 21.
Nxg6+ hxg6 22. Qxe4 f5 23. Qd3 Rb6 24. Ba3 1-0

[Event "AUTO-OPEN-2658"]
[Site "http://www.queenalice.com/game.php?id=1110568"]
[Date "2012.10.8"]
[Round "2"]
[White "chein"]
[Black "vininb"]
[Result "1-0"]
[WhiteElo "2386"]
[BlackElo "1907"]

1. d4 d5 2. c4 e6 3. Nc3 c6 4. e3 f5 5. Nh3 Be7 6. Nf4 Nf6 7. Be2 O-O 8. b3 Bb4
9. Bd2 Qa5 10. Qc1 g5 11. Nd3 Bd6 12. Ne4 Qd8 13. Nxd6 Qxd6 14. Bb4 1-0

[Event "AUTO-OPEN-2658"]
[Site "http://www.queenalice.com/game.php?id=1110569"]
[Date "2012.10.8"]
[Round "2"]
[White "vininb"]
[Black "chein"]
[Result "0-1"]
[WhiteElo "1894"]
[BlackElo "2401"]

1. e4 e6 2. d4 d5 3. Nd2 Nf6 4. e5 Nfd7 5. Bd3 c5 6. c3 Nc6 7. Ngf3 g5 8. Nb3 g4
9. Bg5 Qc7 10. Nh4 c4 11. Be2 cxb3 12. axb3 Rg8 13. Qd2 Na5 14. Bd1 Qb6 15. b4
Nc4 16. Qf4 Nxb2 17. Bxg4 Nd3+ 0-1

[Event "AUTO-MASTER-1755"]
[Site "http://www.queenalice.com/game.php?id=1114800"]
[Date "2012.10.21"]
[Round "1"]
[White "kasparosaure"]
[Black "vininb"]
[Result "1-0"]
[WhiteElo "2020"]
[BlackElo "1919"]

1. d4 d5 2. Nf3 Nf6 3. Bg5 Nbd7 4. Nbd2 g6 5. e3 Bg7 6. Bd3 c5 7. c3 O-O 8. O-O
b6 9. Ne5 Nxe5 10. dxe5 Ng4 11. Nf3 Nxe5 12. Nxe5 Bxe5 13. f4 Bg7 14. Qe1 f6 15.
Bh4 Qd7 16. Rd1 Bb7 17. Bc4 Qf5 18. e4 Qxe4 19. Qxe4 1-0

[Event "AUTO-MASTER-1755"]
[Site "http://www.queenalice.com/game.php?id=1114801"]
[Date "2012.10.21"]
[Round "1"]
[White "vininb"]
[Black "kasparosaure"]
[Result "0-1"]
[WhiteElo "1905"]
[BlackElo "2032"]

1. e4 d6 2. d4 Nf6 3. Nc3 c6 4. Bg5 Nbd7 5. Qd2 g6 6. f4 Bg7 7. e5 dxe5 8. fxe5
Nd5 9. Nxd5 cxd5 10. O-O-O O-O 11. Nf3 f6 12. Bh6 Nb6 13. Bd3 Bg4 14. h3 Bxf3
15. gxf3 fxe5 16. dxe5 Rxf3 17. e6 Qf8 18. Bxg7 Qxg7 19. Qe2 Raf8 20. Rhf1 R3f4
21. Rxf4 Rxf4 22. Qe5 Qxe5 0-1

[Event "AUTO-MASTER-1755"]
[Site "http://www.queenalice.com/game.php?id=1114812"]
[Date "2012.10.21"]
[Round "1"]
[White "enrosque"]
[Black "vininb"]
[Result "1-0"]
[WhiteElo "2099"]
[BlackElo "1910"]

1. e4 e5 2. Nf3 Nc6 3. Bb5 a6 4. Ba4 Nf6 5. O-O Be7 6. Re1 O-O 7. c3 b5 8. Bb3
d5 9. exd5 Nxd5 10. Nxe5 Nxe5 11. Rxe5 c6 12. d4 Bd6 13. Re1 Qh4 14. g3 Qh3 15.
Re4 g5 16. Qf1 Qh5 17. Nd2 Bf5 18. f3 Nf6 19. Re1 Rae8 20. Rxe8 Rxe8 21. a4 Qg6
22. axb5 Bd3 23. Qd1 Be2 24. Qc2 Bd3 25. Qd1 Re2 26. bxa6 Qh5 27. Qxe2 Bxe2 28.
a7 Bxf3 29. a8=Q+ Kg7 30. Nxf3 Qxf3 31. Bxg5 Bxg3 32. Bxf6+ 1-0

[Event "AUTO-MASTER-1755"]
[Site "http://www.queenalice.com/game.php?id=1114813"]
[Date "2012.10.21"]
[Round "1"]
[White "vininb"]
[Black "enrosque"]
[Result "0-1"]
[WhiteElo "1919"]
[BlackElo "2060"]

1. e4 e6 2. d4 d5 3. Nc3 Bb4 4. e5 c5 5. a3 Bxc3+ 6. bxc3 Ne7 7. Bg5 Nbc6 8. Bb5
Qa5 9. Bxc6+ Nxc6 10. Ne2 Nxd4 11. Nxd4 Qxc3+ 12. Bd2 Qxd4 13. f4 b6 14. a4 Ba6
15. Ra3 O-O 16. Qg4 Rae8 17. c3 Qe4+ 18. Kf2 f6 19. Re1 Qd3 0-1

[Event "AUTO-MASTER-1755"]
[Site "http://www.queenalice.com/game.php?id=1114820"]
[Date "2012.10.21"]
[Round "1"]
[White "vininb"]
[Black "Puffer"]
[Result "0-1"]
[WhiteElo "1925"]
[BlackElo "2240"]

1. e4 e5 2. Nf3 Nc6 3. Bb5 a6 4. Ba4 Nf6 5. O-O b5 6. Bb3 d6 7. h3 Na5 8. Re1
Nxb3 9. axb3 Bb7 10. d3 Be7 11. Bg5 h6 12. Bh4 g5 13. Bg3 Nh5 14. Bh2 Nf4 15.
Kh1 h5 16. h4 g4 17. Ng5 Bxg5 18. hxg5 Qxg5 19. Nd2 h4 20. g3 hxg3 21. fxg3 Qh5
22. Nf1 Nh3 23. Qd2 Ng5 24. Qg2 Nf3 25. Re2 O-O-O 26. Ne3 Nxh2 0-1

[Event "AUTO-ADV-2694"]
[Site "http://www.queenalice.com/game.php?id=1128029"]
[Date "2012.12.3"]
[Round "1"]
[White "vininb"]
[Black "NickThorp"]
[Result "1-0"]
[WhiteElo "1904"]
[BlackElo "1686"]

1. e4 e5 2. Nf3 Nc6 3. Bb5 a6 4. Ba4 b5 5. Bb3 Nf6 6. O-O Bb4 7. c3 Bc5 8. d3 d6
9. Bg5 h6 10. Bh4 Bg4 11. h3 Bh5 12. Nbd2 O-O 13. Qe1 g5 14. Bg3 g4 15. Nh4 Na5
16. Bd1 gxh3 17. gxh3 Bxd1 18. Qxd1 Kh7 19. b4 Bxb4 20. cxb4 Nc6 21. f4 Rg8 22.
fxe5 dxe5 23. Kh2 Qxd3 24. Rf3 Qd6 25. Rf5 Nd4 26. Bxe5 Qxb4 27. Rxf6 Rg7 28.
Rb1 Qc3 29. Rb3 Nf3+ 30. Ndxf3 Qc5 31. Rxh6+ Kxh6 32. Nf5+ Kg6 33. Bxg7 Rg8 34.
N3h4+ Kh7 35. Qh5# 1-0

[Event "AUTO-ADV-2694"]
[Site "http://www.queenalice.com/game.php?id=1128030"]
[Date "2012.12.3"]
[Round "1"]
[White "NickThorp"]
[Black "vininb"]
[Result "1-0"]
[WhiteElo "1700"]
[BlackElo "1932"]

1. e4 e5 2. Nf3 Nc6 3. Bb5 a6 4. Ba4 Nf6 5. Nc3 Be7 6. Bxc6 dxc6 7. d3 h6 8.
Nxe5 O-O 9. O-O Bd6 10. Nf3 Bg4 11. h3 Bh5 12. d4 g5 13. e5 Bxe5 14. dxe5 Nd5
15. Nxd5 cxd5 16. g4 Bg6 17. b3 f5 18. Qd4 fxg4 19. Qxg4 Bf5 20. Qh5 Kh7 21.
Bxg5 1-0

[Event "AUTO-ADV-2694"]
[Site "http://www.queenalice.com/game.php?id=1128031"]
[Date "2012.12.3"]
[Round "1"]
[White "vininb"]
[Black "charles"]
[Result "0-1"]
[WhiteElo "1922"]
[BlackElo "1877"]

1. e4 e5 2. Nf3 Nc6 3. Bb5 Nf6 4. O-O Bd6 5. d3 O-O 6. Bg5 h6 7. Bh4 Be7 8. Nbd2
a6 9. Ba4 Nh7 10. Bg3 b5 11. Bb3 Nf6 12. c3 d6 13. h3 a5 14. a3 Ba6 15. Bc2 a4
16. b3 d5 17. exd5 Nxd5 18. c4 Nc3 19. Qe1 axb3 20. Bxb3 Qxd3 21. Nxe5 Nxe5 22.
Bxe5 Bc5 23. Bxc3 Qxc3 24. cxb5 Bxb5 25. Rc1 Qb2 26. Rxc5 Bxf1 27. Kxf1 Rxa3 28.
Rxc7 Ra1 29. Bd1 Qb5+ 30. Kg1 Re8 0-1

[Event "AUTO-ADV-2694"]
[Site "http://www.queenalice.com/game.php?id=1128032"]
[Date "2012.12.3"]
[Round "1"]
[White "charles"]
[Black "vininb"]
[Result "0-1"]
[WhiteElo "1892"]
[BlackElo "1907"]

1. e4 e5 2. Nf3 Nc6 3. Bb5 a6 4. Bxc6 dxc6 5. h3 Bd6 6. O-O Nf6 7. d3 h6 8. Nc3
O-O 9. a4 Be6 10. Be3 b5 11. axb5 cxb5 12. Ne2 Nh5 13. Qd2 f5 14. exf5 Bxf5 15.
g4 Bxg4 16. hxg4 Rxf3 17. gxh5 Rh3 18. Ng3 e4 19. Bf4 Bc5 20. Nxe4 Qh4 21. Ng3
Rf8 22. Bxc7 Rxg3+ 23. Bxg3 Qxg3+ 24. Kh1 Qh3+ 25. Kg1 Rf3 26. d4 Qg4+ 0-1

[Event "AUTO-ADV-2592"]
[Site "http://www.queenalice.com/game.php?id=1137270"]
[Date "2013.1.4"]
[Round "2"]
[White "vininb"]
[Black "josebaron"]
[Result "0-1"]
[WhiteElo "1890"]
[BlackElo "1917"]

1. e4 e5 2. Nf3 Nc6 3. Bb5 d6 4. d4 exd4 5. Nxd4 Bd7 6. Be3 Be7 7. O-O Nf6 8.
Nc3 a6 9. Nxc6 bxc6 10. Ba4 Ng4 11. Bf4 Ne5 12. Bg3 Bh4 13. f4 Bxg3 14. hxg3 Nc4
15. Qc1 O-O 16. Bb3 Nb6 17. a4 a5 18. Qe3 Be6 19. Ne2 Nc4 20. Qc3 d5 21. Bxc4
dxc4 22. f5 Bd7 23. Qxc4 Qf6 24. Rad1 Rfd8 25. b3 Be8 26. Rd3 Rxd3 27. cxd3 Qg5
28. Qc1 Qxc1 29. Rxc1 Rb8 30. Nd4 Rb6 31. Rc3 g5 32. g4 Kg7 33. Rc5 Ra6 34. Nf3
f6 35. Kf2 Kf7 36. Nd2 Ke7 37. Nc4 h5 38. gxh5 Bxh5 39. Rxa5 Rxa5 40. Nxa5 c5
41. Nb7 Kd7 0-1

[Event "AUTO-ADV-2592"]
[Site "http://www.queenalice.com/game.php?id=1137271"]
[Date "2013.1.4"]
[Round "2"]
[White "josebaron"]
[Black "vininb"]
[Result "1-0"]
[WhiteElo "1918"]
[BlackElo "1875"]

1. e4 e5 2. Bc4 Nc6 3. c3 Nf6 4. d3 d5 5. exd5 Nxd5 6. Bxd5 Qxd5 7. Nf3 Bf5 8.
O-O O-O-O 9. Re1 f6 10. Be3 Qxd3 11. Nbd2 Be7 12. Qe2 Bg4 13. Qxd3 Rxd3 14. h3
Bh5 15. a4 Rhd8 16. g4 Bg6 17. Rad1 Na5 18. Kf1 Be8 19. Ra1 b6 20. Ke2 Nb7 21.
Red1 Nc5 22. Bxc5 Bxc5 23. Ne4 Rxd1 24. Rxd1 Rxd1 25. Kxd1 Bxa4+ 26. Ke2 Be7 27.
Ng3 g6 28. Nd2 Bb5+ 29. Ke1 Kb7 30. b4 a5 31. bxa5 bxa5 32. Kd1 Bc5 33. Nge4 Be7
34. Kc2 Kc6 35. Kb3 a4+ 36. Kb2 Kd5 37. h4 f5 38. gxf5 gxf5 39. Ng5 Bxg5 40.
hxg5 e4 41. Ka3 c6 42. Kb4 1-0

[Event "AUTO-ADV-2592"]
[Site "http://www.queenalice.com/game.php?id=1137272"]
[Date "2013.1.4"]
[Round "2"]
[White "vininb"]
[Black "scaccomatto"]
[Result "0-1"]
[WhiteElo "1911"]
[BlackElo "2029"]

1. d4 d5 2. c4 c6 3. Nf3 Nf6 4. Nc3 e6 5. Bg5 Nbd7 6. e3 Be7 7. Bd3 h6 8. Bh4
O-O 9. O-O b6 10. h3 Bb7 11. b3 c5 12. Nh2 cxd4 13. exd4 Qc7 14. f4 Qc6 15. g4
dxc4 16. bxc4 Qg2# 0-1

[Event "AUTO-ADV-2592"]
[Site "http://www.queenalice.com/game.php?id=1137273"]
[Date "2013.1.4"]
[Round "2"]
[White "scaccomatto"]
[Black "vininb"]
[Result "1-0"]
[WhiteElo "2048"]
[BlackElo "1900"]

1. e4 e5 2. Nf3 Nc6 3. Bb5 a6 4. Bxc6 dxc6 5. O-O Bg4 6. h3 Bh5 7. d3 Bc5 8. Be3
Bd4 9. c3 Bb6 10. d4 exd4 11. cxd4 Nf6 12. Nc3 Qe7 13. e5 Nd5 14. Qd2 Nxe3 15.
fxe3 O-O-O 16. a4 Ba5 17. Qd3 Qb4 18. Ne4 Bg6 19. Nh4 Bxe4 20. Qxe4 Rhf8 21. Nf5
Qxb2 22. Rab1 Qa2 23. Qg4 Kb8 24. Ne7 Qxa4 25. d5 Qxg4 26. hxg4 Ka8 27. dxc6
bxc6 28. Nxc6 Rd5 29. Rxf7 1-0